Ride - Twenty One Pilots Lyrics - Statistics

General Stats
  • This quiz has been taken 47 times
  • The average score is 171 of 392
Answer Stats
Lyrics % Correct
Verse 1 I
100%
I
90%
I
90%
it's
83%
hard
80%
just
80%
know
80%
I
77%
sometimes
77%
stay
77%
the
77%
where
77%
find
73%
in
73%
wanna
73%
I
70%
it's
70%
sun
70%
a
67%
A
67%
a
67%
A
67%
hard
67%
I
67%
I
67%
I
67%
know
67%
my
67%
in
63%
it's
63%
my
63%
my
63%
my
63%
my
63%
my
63%
my
63%
of
63%
on
63%
on
63%
on
63%
ride
63%
ride
63%
ride
63%
sometimes
63%
takin'
63%
takin'
63%
Takin'
63%
to
63%
I'm
60%
it's
60%
On
60%
peace
60%
Pieces
60%
So
60%
So
60%
time
60%
time
60%
time
60%
to
60%
to
60%
to
60%
I'm
57%
I'm
57%
I'm
57%
I'm
57%
just
57%
know
57%
much
57%
of
57%
Chorus Oh,
57%
oh,
57%
the
57%
think
57%
to
57%
too
57%
you,"
57%
you
57%
you,"
57%
for
53%
for
53%
for
53%
for
53%
for
53%
I
53%
my
53%
my
53%
my
53%
my
53%
my
53%
my
53%
Oh,
53%
on
53%
on
53%
on
53%
peace
53%
ride
53%
ride
53%
ride
53%
takin'
53%
takin'
53%
Takin'
53%
the
53%
way
53%
who
53%
But
50%
easy
50%
fallin'
50%
fallin'
50%
in
50%
it's
50%
mind
50%
my
50%
my
50%
my
50%
of
50%
on
50%
ride
50%
say
50%
So
50%
so
50%
takin'
50%
takin'
50%
Takin'
50%
the
50%
time
50%
time
50%
time
50%
to
50%
was
50%
would
50%
Verse 2 Yeah,
50%
about
47%
bullet
47%
bullet
47%
bullet
47%
But
47%
But
47%
But
47%
comin'
47%
comin'
47%
do
47%
don't
47%
don't
47%
end
47%
enemies,
47%
fantasize
47%
fun
47%
I'm
47%
I'm
47%
I'm
47%
I'm
47%
know
47%
my
47%
my
47%
my
47%
my
47%
my
47%
my-
47%
on
47%
on
47%
on
47%
ride
47%
ride
47%
So
47%
so
47%
takin'
47%
takin
47%
time
47%
time!
47%
to
47%
to
47%
We
47%
we
47%
what
47%
when
47%
wish
47%
you
47%
you
47%
die
43%
fantasize
43%
fun
43%
have
43%
I'm
43%
I'm
43%
I'm
43%
I'm
43%
know
43%
man
43%
Chorus Oh,
43%
oh,
43%
Oh,
43%
people
43%
say
43%
so
43%
So
43%
So
43%
that
43%
that's
43%
them,
43%
through
43%
through
43%
time
43%
time
43%
time
43%
when
43%
you
43%
you
43%
you
43%
you
43%
you
43%
and
40%
bullets
40%
bullets
40%
everybody
40%
fallin'
40%
fallin'
40%
for
40%
for?"
40%
for?"
40%
Verse 3 "I'd
40%
I'd
40%
Verse 4 "I'd
40%
I'm
40%
I'm
40%
I'm
40%
I'm
40%
list
40%
literally,
40%
many
40%
me)
40%
Metaphorically,
40%
Chorus Oh,
40%
oh,
40%
Oh,
40%
room
40%
sun's
40%
then
40%
this
40%
"Who
40%
"Who
40%
do
37%
fallin'
37%
fallin'
37%
live
37%
many
37%
me)
37%
me
37%
me
37%
me)
37%
me)
37%
much
37%
much
37%
much
37%
much
37%
much
37%
Chorus Oh,
37%
oh,
37%
Oh,
37%
see
37%
seem
37%
take
37%
too
37%
too
37%
too
37%
too
37%
too
37%
who
37%
would
37%
would
37%
"Would
37%
wouldn't
37%
All
33%
But
33%
fallin'
33%
fallin'
33%
much)
33%
much
33%
much
33%
much)
33%
much
33%
much,
33%
much,
33%
much
33%
much)
33%
much
33%
much
33%
much)
33%
much
33%
See
33%
then
33%
too
33%
too
33%
too
33%
too
33%
too
33%
too
33%
too
33%
too
33%
too
33%
too
33%
too
33%
too
33%
And
30%
been
30%
been
30%
been
30%
been
30%
been
30%
die
30%
ever
30%
(help
30%
Bride I've
30%
I've
30%
I've
30%
I've
30%
I've
30%
not
30%
people
30%
that
30%
thinkin'
30%
thinkin'
30%
thinkin'
30%
thinkin'
30%
thinkin'
30%
been
27%
been
27%
been
27%
been
27%
been
27%
been
27%
been
27%
been
27%
been
27%
been
27%
been
27%
been
27%
been
27%
Even
27%
Even
27%
harder
27%
harder
27%
(help
27%
help
27%
help
27%
(help
27%
(help
27%
(I've
27%
I've
27%
I've
27%
(I've
27%
I've
27%
Outro I've
27%
I've
27%
I've
27%
(I've
27%
I've
27%
I've
27%
(I've
27%
I've
27%
kill?"
27%
Like,
27%
thinkin'
27%
thinkin'
27%
thinkin'
27%
thinkin'
27%
thinkin'
27%
thinkin'
27%
thinkin'
27%
thinkin'
27%
thinkin'
27%
thinkin'
27%
thinkin'
27%
thinkin'
27%
thinkin'
27%
true
27%
back
23%
live
23%
questions,
23%
still
23%
There
23%
tonight
23%
home
20%
real
20%
talking
20%
these
20%
were
20%
Whoa
20%
write
20%
they're
17%
tried
17%
ignored
10%
that'shard
10%
No matching quizzes found
Score Distribution
Percent of People with Each Score
Percentile by Number Answered
Your Score History
You have not taken this quiz